000 00590nam a2200193Ia 4500
008 140529s9999 xx 000 0 und d
020 _a9780702042935
050 _aRM 262
_b.C5 2012
245 _aClinical pharmacy and therapeutics /
_cedited by Roger Walker and Cate Whittlesea
250 _a5th ed.
260 _aEdinburgh :
_bChurchill Livingston/Elsevier,
_cc2012.
300 _a983 p. :
_bcol. ill. ;
_c28 cm.
500 _aIncludes appendices and index.
650 _aDrug Therapy.
650 _aPharmacy.
650 _aTherapeutics.
942 _kFOR
_cBK
999 _c117564
_d117564